1473 1735 1432 1071 1662 1534 1563 1046 1359 1905 1395 1883 1935 1198 1221 1465 1422 1144 1136 1867 1713 1379 1966 1225 1237 1316 1299 1236 1091 1572 1459 1006 1237 1734 1365 1171 1000 1353 1976 1292 1707 1846 1807 1241 1516 1210 1852 1856 1366 1462 1190 1809 1182 1158 1741 1370 1057 1454 1297 1763 1509 1789 1188 1449 1234 1285 1544 1615 1257 1884 1222 1445 1471 1144 1595 1582 1880 1465 1014 1623 1826 1673 1002 1095 1060 1257 1234 1564 1602 1472 1616 1302 1424 1564 1682 1687 1094 1877 1647 BCNSPRNW ULIB Ver.6.0+V

เปลี่ยนเป็นภาษาไทย

Change to English
 แสดงรายละเอียดบรรณานุกรม
  กลับหน้าหลัก

Brief Record : Get Marc (ISO 2709) : E-mail record : QR code < ปิดหน้าต่าง
LEADER : 00000nam 2200000uu 4500
001    13399114476
003     ULIB
008    120404s2553||||th 000 0 tha d
020    ^a9786117059230
090    ^aนว.^bก181ร 2553
100 0  ^aกรวรินทร์
245 00 ^aร้อยเล่ห์เสน่หา/^cกรวรินทร์
250    ^aพิมพ์ครั้งที่ 1
260    ^aกรุงเทพฯ :^bivy,^c2553
300    ^a380 หน้า
710 1  ^aivy
945    ^p260^l0^i17083
995    ^aกัณชพร
999    ^aใช้งานได้ทุกระบบ
รายการนี้ยังไม่มีแท็ก
คุณยังไม่ได้ล็อกอิน คุณสามารถมีกิจกรรมร่วมกับเว็บไซต์ได้ แต่ต้องล็อกอินก่อน ::
  ล็อกอิน

รายการสื่อสารสนเทศ

ลำดับที่ ประเภท เลขเรียก/บาร์โค้ด สถานที่ สถานะ
1. นวนิยาย
นวนิยาย
นว. ก181ร 2553  
  Barcode: 17083
ห้องสมุดวิทยาเขตสวรรค์ประชารักษ์
►นวนิยาย
บนชั้น
  ขอยืม

BibComment


ยังไม่เคยถูกคอมเมนท์

คอมเมนท์ทรัพยากรรายการนี้
  คอมเมนท์: ร้อยเล่ห์เสน่หา ..


 Copyright 2026. Bcnsprnw @Library